000
00297nam a2200121Ia 4500
008
190216s9999||||xx |||||||||||||| ||und||
100
_a
Pillai G R
245
0
_a
Sahakaranavum Samuhya Vikasanavum
260
_b
Kerala Bhasha Institute
_c
1970
300
_a
520p
650
_a
Economics
942
_c
BK
999
_c
37516
_d
37516